000 00459cam a2200181 4500
001 D16401
008 090401t1981 xxu||||| |||| 00| 0 eng d
035 _a(Sirsi) u29143
041 _aeng
050 _a333.33025
110 _aRoyal Institution of Chartered Surveyors
_94900
245 _aYearbook 1981
260 _aEast Grinstead
_bThomas Skinner Directories
_c1981
300 _alii. 1733p. 30cm
350 _a22
942 _n0
948 _c04/03/1997
999 _c89395
_d89395